[Event "GER-chT U20 Girls"]
[Site "Duesseldorf"]
[Date "2017.12.27"]
[Round "2.2"]
[White "Schlichter, Lisa"]
[Black "Schiewe, Nadine"]
[Result "1/2-1/2"]
[WhiteElo "1638"]
[BlackElo "1645"]
[PlyCount "65"]
[EventDate "2017.12.26"]
[EventType "team-swiss"]
[EventRounds "7"]
[EventCountry "GER"]
[SourceTitle "CBM 182 Extra"]
[Source "ChessBase"]
[SourceDate "2018.02.23"]
[SourceVersion "1"]
[SourceVersionDate "2018.02.23"]
[SourceQuality "1"]
[WhiteTeam "Lingen"]
[BlackTeam "Leegebruch"]
[WhiteTeamCountry "GER"]
[BlackTeamCountry "GER"]

1. e4 d5 2. exd5 Qxd5 3. Nc3 Qa5 4. d4 c6 5. Nf3 Nf6 6. Bd2 Qc7 7. Bc4 Bg4 8. h3 Bh5 9. g4 Bg6 10. Ne5 Nbd7 11. Nxg6 hxg6 12. Qe2 e6 13. 0-0-0 0-0-0 14. Bb3 Bd6 15. Kb1 Bf4 16. Qf3 Bxd2 17. Rxd2 Nb6 18. Ne4 Nxe4 19. Qxe4 Nd5 20. Rdd1 Qe7 21. Qf3 Qf6 22. Qxf6 Nxf6 23. f3 Nd5 24. Bxd5 exd5 25. Kc1 Kd7 26. Kd2 Rde8 27. Rde1 g5 28. Re2 g6 29. Reh2 Rh4 30. Rg2 Reh8 31. Rgh2 f5 32. Ke3 f4+ 33. Kd2 1/2-1/2

[Event "Niedersachsen-ch U18"]
[Site "Norderney"]
[Date "2014.04.14"]
[Round "5"]
[White "Tschirner, Tom Luca"]
[Black "Schlichter, Lisa"]
[Result "1-0"]
[WhiteElo "1710"]
[BlackElo "1646"]
[PlyCount "131"]
[EventDate "2014.04.??"]
[EventType "swiss"]
[EventRounds "9"]
[EventCountry "GER"]
[SourceTitle "EXT 2017"]
[Source "ChessBase"]
[SourceDate "2016.10.25"]
[SourceVersion "1"]
[SourceVersionDate "2016.10.25"]
[SourceQuality "1"]

1. d4 d5 2. c4 e6 3. Nc3 Nf6 4. cxd5 exd5 5. Bg5 Be7 6. e3 0-0 7. Bd3 b6 8. Qc2 h6 9. Bh4 Ba6 10. Nge2 Bxd3 11. Qxd3 Nbd7 12. 0-0 Re8 13. Rfd1 Nf8 14. Bxf6 Bxf6 15. Qb5 Ne6 16. Qxd5 Qe7 17. Qc4 Rac8 18. Nd5 Qd8 19. Nxf6+ Qxf6 20. Nc3 c6 21. Ne4 Qe7 22. Nc3 Red8 23. Rac1 Qb7 24. Qb3 Rd7 25. f3 Rcd8 26. Qc2 Rc7 27. Qe4 Rcd7 28. b4 a6 29. a4 b5 30. a5 Nc7 31. Qg4 Ne8 32. Ne4 Rc7 33. Rc5 Kf8 34. Rdc1 Kg8 35. Rh5 Kf8 36. Rcc5 Nd6 37. Nxd6 Rxd6 38. Qe4 Rg6 39. f4 Re7 40. Qf3 Rge6 41. Rhe5 Qd7 42. Qh3 Qe8 43. Kf2 Qd8 44. Rxe6 Rxe6 45. Qg4 Qe8 46. Qf3 Re4 47. Qg3 Re6 48. f5 Rf6 49. Ke2 Qc8 50. e4 Qd8 51. Kd3 Rd6 52. Qf2 Qe8 53. Qf4 Rd8 54. Qc7 Rc8 55. Qd6+ Kg8 56. Re5 Qd8 57. Qxd8+ Rxd8 58. Rc5 Rc8 59. d5 Kf8 60. Rxc6 Ra8 61. Kd4 Ke7 62. e5 Kd7 63. e6+ fxe6 64. fxe6+ Ke7 65. Ke5 g5 66. d6+ 1-0

[Event "Niedersachsen-ch op-A"]
[Site "Verden"]
[Date "2014.01.03"]
[Round "4"]
[White "Pietsch, David"]
[Black "Schlichter, Lisa"]
[Result "1/2-1/2"]
[WhiteElo "1757"]
[BlackElo "1654"]
[PlyCount "57"]
[EventDate "2014.01.02"]
[EventType "swiss"]
[EventRounds "7"]
[EventCountry "GER"]
[SourceTitle "EXT 2016"]
[Source "ChessBase"]
[SourceDate "2015.10.08"]
[SourceVersion "1"]
[SourceVersionDate "2015.10.08"]
[SourceQuality "1"]

1. d4 d5 2. Nf3 Nf6 3. c4 e6 4. Nc3 Be7 5. Bg5 0-0 6. e3 b6 7. Rc1 Bb7 8. cxd5 exd5 9. Bd3 Nbd7 10. 0-0 c5 11. Qa4 a6 12. Bf5 b5 13. Qc2 c4 14. a3 h6 15. Bh4 Re8 16. Nd2 Rc8 17. Rfe1 Rc7 18. Bg3 Rc8 19. Re2 Nh5 20. Rce1 Nxg3 21. hxg3 Rc7 22. e4 dxe4 23. Ncxe4 Nb6 24. Nf3 Nd5 25. Nc5 Bc8 26. Bxc8 Qxc8 27. Nh4 Rd8 28. Ne4 Rcd7 29. Nf3 1/2-1/2

[Event "Niedersachsen-ch op-A"]
[Site "Verden"]
[Date "2014.01.03"]
[Round "3"]
[White "Schlichter, Lisa"]
[Black "Dorn, Matthias"]
[Result "1/2-1/2"]
[WhiteElo "1654"]
[BlackElo "1933"]
[PlyCount "36"]
[EventDate "2014.01.02"]
[EventType "swiss"]
[EventRounds "7"]
[EventCountry "GER"]
[SourceTitle "EXT 2016"]
[Source "ChessBase"]
[SourceDate "2015.10.08"]
[SourceVersion "1"]
[SourceVersionDate "2015.10.08"]
[SourceQuality "1"]

1. e4 c5 2. Nf3 e6 3. c3 d5 4. exd5 exd5 5. d4 Nc6 6. h3 Bd6 7. Bd3 Nge7 8. 0-0 0-0 9. Re1 c4 10. Bc2 h6 11. Nbd2 Be6 12. b3 cxb3 13. axb3 Bf5 14. Bb2 b5 15. Nf1 Qb6 16. Ne3 Bxc2 17. Qxc2 a5 18. Reb1 Rac8 1/2-1/2

[Event "GER-chT Lands U20"]
[Site "Hannover"]
[Date "2013.10.04"]
[Round "4.7"]
[White "Schlichter, Lisa"]
[Black "Wiesner, Alexander"]
[Result "1-0"]
[WhiteElo "1707"]
[BlackElo "1751"]
[PlyCount "57"]
[EventDate "2013.10.02"]
[EventType "team-swiss"]
[EventRounds "7"]
[EventCountry "GER"]
[SourceTitle "EXT 2014"]
[Source "ChessBase"]
[SourceDate "2013.11.20"]
[SourceVersion "1"]
[SourceVersionDate "2013.11.20"]
[SourceQuality "1"]
[WhiteTeam "Niedersachsen II"]
[BlackTeam "Baden"]
[WhiteTeamCountry "GER"]
[BlackTeamCountry "GER"]

1. e4 e6 2. d3 d5 3. Nd2 Nc6 4. g3 Bc5 5. Bg2 Nf6 6. Ngf3 0-0 7. 0-0 e5 8. exd5 Qxd5 9. Re1 Ng4 10. Ne4 f5 11. c4 fxe4 12. cxd5 Bxf2+ 13. Kh1 exf3 14. Bxf3 Bxe1 15. Bxg4 Nd4 16. Be3 Bf2 17. Bd2 Rf6 18. Kg2 Nc2 19. Bxc8 Nxa1 20. Be6+ Kh8 21. Qxa1 Bd4 22. Qc1 Bb6 23. Be1 Raf8 24. Qc3 Rf1 25. Qxe5 Rg1+ 26. Kh3 Rf6 27. Bd2 Rf2 28. Bh6 Bd4 29. Qxd4 1-0

[Event "GER-chT Lands U20"]
[Site "Hannover"]
[Date "2013.10.02"]
[Round "1.7"]
[White "Laubrock, Paul"]
[Black "Schlichter, Lisa"]
[Result "1-0"]
[WhiteElo "1830"]
[BlackElo "1707"]
[PlyCount "79"]
[EventDate "2013.10.02"]
[EventType "team-swiss"]
[EventRounds "7"]
[EventCountry "GER"]
[SourceTitle "EXT 2014"]
[Source "ChessBase"]
[SourceDate "2013.11.20"]
[SourceVersion "1"]
[SourceVersionDate "2013.11.20"]
[SourceQuality "1"]
[WhiteTeam "Niedersachsen"]
[BlackTeam "Niedersachsen II"]
[WhiteTeamCountry "GER"]
[BlackTeamCountry "GER"]

1. e4 c5 2. Nf3 Nc6 3. d4 cxd4 4. Nxd4 g6 5. Nc3 Bg7 6. Be3 Nf6 7. Bc4 Qa5 8. Nxc6 bxc6 9. Bd3 d5 10. 0-0 0-0 11. exd5 cxd5 12. Bd4 Bb7 13. Re1 Rfe8 14. Bb5 Red8 15. Rxe7 Ba6 16. Bxa6 Qxa6 17. Qf3 Qd6 18. Rae1 a6 19. R1e5 Rf8 20. Re1 Rad8 21. R7e2 Rd7 22. Rd1 Nh5 23. Bxg7 Kxg7 24. Qxd5 Qxd5 25. Rxd5 Rb7 26. g3 Rxb2 27. Ra5 Rc8 28. Ne4 Rbxc2 29. Rxc2 Rxc2 30. Rxa6 Rc1+ 31. Kg2 Ra1 32. a4 Kf8 33. Ra7 Kg8 34. a5 Ra3 35. a6 Kg7 36. Nd6 Kf8 37. Rxf7+ Kg8 38. a7 Ng7 39. Rb7 Ne6 40. Rb8+ 1-0

[Event "GER-ch U16 Girls"]
[Site "Oberhof"]
[Date "2013.05.24"]
[Round "8"]
[White "Schlichter, Lisa"]
[Black "Fesselier, Melissa"]
[Result "0-1"]
[WhiteElo "1659"]
[BlackElo "1738"]
[PlyCount "66"]
[EventDate "2013.05.19"]
[EventType "swiss"]
[EventRounds "9"]
[EventCountry "GER"]
[SourceTitle "CBM 154 Extra"]
[Source "ChessBase"]
[SourceDate "2013.06.25"]
[SourceVersion "2"]
[SourceVersionDate "2013.06.25"]
[SourceQuality "1"]

1. e4 c5 2. Nf3 e6 3. c3 d5 4. exd5 Qxd5 5. Na3 Nf6 6. Be2 Be7 7. d4 cxd4 8. Nb5 Qd8 9. Nbxd4 0-0 10. 0-0 Qb6 11. Qc2 Nc6 12. Nxc6 bxc6 13. Bg5 Bb7 14. Ne5 Qc7 15. Nc4 c5 16. Rad1 Rad8 17. Bh4 Be4 18. Bd3 Bxd3 19. Rxd3 Rxd3 20. Qxd3 Rd8 21. Qf3 Nd5 22. Bg3 Qb7 23. b3 Qa6 24. a3 Bf6 25. Be5 Bxe5 26. Nxe5 f6 27. Nc4 Rb8 28. Rb1 Qxc4 29. h3 Qxc3 30. Qe4 Qe5 31. Qc2 Nc3 32. Rf1 Rd8 33. Kh1 Ne4 0-1

[Event "Niedersachsen-ch U16"]
[Site "Rotenburg"]
[Date "2013.03.29"]
[Round "9"]
[White "Wang, Yanru"]
[Black "Schlichter, Lisa"]
[Result "1-0"]
[WhiteElo "1483"]
[BlackElo "1677"]
[PlyCount "63"]
[EventDate "2013.03.23"]
[EventType "swiss"]
[EventRounds "9"]
[EventCountry "GER"]
[SourceTitle "EXT 2015"]
[Source "ChessBase"]
[SourceDate "2014.11.20"]
[SourceVersion "1"]
[SourceVersionDate "2014.11.20"]
[SourceQuality "1"]

1. f4 d5 2. b3 Nf6 3. Bb2 c5 4. Nf3 Nc6 5. e3 e6 6. Bb5 Bd7 7. 0-0 Be7 8. Bxc6 Bxc6 9. d3 Qc7 10. Ne5 0-0 11. Nxc6 Qxc6 12. Nd2 Rad8 13. Rf3 d4 14. e4 Qc7 15. h3 Nh5 16. e5 g6 17. g4 Ng7 18. Qe1 f6 19. Qg3 fxe5 20. fxe5 Rxf3 21. Nxf3 Rf8 22. Rf1 Bd8 23. Bc1 Qe7 24. h4 Rf7 25. Rf2 Ne8 26. Bh6 Ng7 27. Rg2 Qd7 28. h5 gxh5 29. gxh5 Kf8 30. Nd2 Kg8 31. Ne4 Qe7 32. Nd6 1-0

[Event "Niedersachsen-ch U16"]
[Site "Rotenburg"]
[Date "2013.03.23"]
[Round "1"]
[White "Finke, Maurice"]
[Black "Schlichter, Lisa"]
[Result "1-0"]
[WhiteElo "1975"]
[BlackElo "1677"]
[PlyCount "79"]
[EventDate "2013.03.23"]
[EventType "swiss"]
[EventRounds "9"]
[EventCountry "GER"]
[SourceTitle "EXT 2015"]
[Source "ChessBase"]
[SourceDate "2014.11.20"]
[SourceVersion "1"]
[SourceVersionDate "2014.11.20"]
[SourceQuality "1"]

1. d4 d5 2. c4 e6 3. Nc3 Nf6 4. cxd5 exd5 5. Bg5 Be7 6. e3 0-0 7. Qc2 c6 8. Bd3 Nbd7 9. Nf3 h6 10. Bf4 Re8 11. 0-0 Nb6 12. h3 Be6 13. Rab1 a5 14. Rfc1 Nc4 15. Qe2 Nd6 16. Na4 Nde4 17. Ne5 Nd7 18. Nxd7 Bxd7 19. f3 Nf6 20. e4 Be6 21. e5 Nd7 22. Bd2 Qc7 23. f4 f6 24. f5 Bf7 25. e6 Bxe6 26. fxe6 Nf8 27. Qg4 g5 28. Re1 Bd6 29. Nc5 Qe7 30. Nd7 Qg7 31. Qf5 Be7 32. b4 a4 33. b5 Red8 34. Nxf8 Rxf8 35. Bb4 Rae8 36. Bxe7 Rxe7 37. bxc6 bxc6 38. Rb6 Rc7 39. Qg6 a3 40. e7 1-0

[Event "GER-chT North U16"]
[Site "Berlin"]
[Date "2012.09.07"]
[Round "4.4"]
[White "Schlichter, Lisa"]
[Black "Birkhahn, Mattis"]
[Result "0-1"]
[WhiteElo "1436"]
[BlackElo "1602"]
[PlyCount "79"]
[EventDate "2012.09.06"]
[EventType "team-swiss"]
[EventRounds "7"]
[EventCountry "GER"]
[SourceTitle "EXT 2015"]
[Source "ChessBase"]
[SourceDate "2014.11.20"]
[SourceVersion "1"]
[SourceVersionDate "2014.11.20"]
[SourceQuality "1"]
[WhiteTeam "Lingen"]
[BlackTeam "Luebeck"]
[WhiteTeamCountry "GER"]
[BlackTeamCountry "GER"]

1. e4 c5 2. Nc3 g6 3. f4 d6 4. Nf3 Bg7 5. g3 Nc6 6. Bg2 Nf6 7. 0-0 0-0 8. d3 Bd7 9. Nh4 Ng4 10. Ne2 Qb6 11. Kh1 c4 12. Qe1 Nb4 13. Qd2 cxd3 14. cxd3 Nf2+ 15. Kg1 Nbxd3 16. Qe3 Nxc1 17. Kxf2 Qxe3+ 18. Kxe3 Nxe2 19. Kxe2 Bb5+ 20. Ke3 Bxf1 21. Bxf1 Rac8 22. Bd3 Rc7 23. Rb1 Rfc8 24. Kd2 Rc5 25. Nf3 d5 26. exd5 Rxd5 27. Ke3 Rcd8 28. Bc2 Kf8 29. Ke4 f5+ 30. Ke3 e5 31. fxe5 Bxe5 32. Ng5 R8d7 33. Nf3 Kg7 34. a3 Kf6 35. Ke2 f4 36. Kf2 fxg3+ 37. hxg3 Rd2+ 38. Nxd2 Rxd2+ 39. Ke3 Rxc2 40. Re1 0-1

[Event "GER-chT U14 Girls"]
[Site "Gross Doelln"]
[Date "2010.12.30"]
[Round "7.3"]
[White "Schlichter, Lisa"]
[Black "Hinzke, Anna Lena"]
[Result "1/2-1/2"]
[WhiteElo "1007"]
[BlackElo "1068"]
[PlyCount "54"]
[EventDate "2010.12.27"]
[EventType "team-swiss"]
[EventRounds "7"]
[EventCountry "GER"]
[SourceTitle "CBM 140 Extra"]
[Source "ChessBase"]
[SourceDate "2011.03.01"]
[SourceVersion "1"]
[SourceVersionDate "2011.03.01"]
[SourceQuality "1"]
[WhiteTeam "Lingen"]
[BlackTeam "Oesede Georgsmarienhuette"]
[WhiteTeamCountry "GER"]
[BlackTeamCountry "GER"]

1. e4 e6 2. d4 d5 3. e5 c5 4. c3 Nc6 5. Nf3 Qb6 6. Be2 Bd7 7. 0-0 Nh6 8. b3 Be7 9. Be3 Nf5 10. Qd3 0-0 11. Rd1 Rad8 12. Nbd2 cxd4 13. cxd4 Nb4 14. Qb1 Rc8 15. Rc1 f6 16. Nf1 h6 17. Qb2 g5 18. Ne1 Bb5 19. Bxb5 Qxb5 20. Qd2 Nc6 21. exf6 Bxf6 22. Nc2 Qb6 23. Rd1 Kf7 24. h3 Rh8 25. Nh2 Rcg8 26. g3 h5 27. Kg2 g4 1/2-1/2